| 000 | 00439nam a2200181Ia 4500 | ||
|---|---|---|---|
| 005 | 20250423094325.0 | ||
| 008 | 250422s9999 xx 000 0 und d | ||
| 020 | _a0-201-09720-6 | ||
| 050 | _aTJ217.A67/ | ||
| 100 | _aKarl Johan Astrom | ||
| 245 | 0 | _aAdaptive Control | |
| 260 | _aNew York | ||
| 260 | _bAddison- Wesley Publishing Company | ||
| 260 | _c1989 | ||
| 300 | _a517 p | ||
| 650 | _aAdaptive Control System | ||
| 942 | _cBK | ||
| 999 |
_c26911 _d26911 |
||